[Event "2019 Tom Weston Open Major"]
[Site "Cardiff"]
[Date "2019.04.22"]
[Round "6.6"]
[White "Camp, Syringa Lyn"]
[Black "Mcintosh, David"]
[Result "1/2-1/2"]
[WhiteElo "1655"]
[BlackElo "1484"]
[PlyCount "50"]
[EventDate "2019.04.19"]
[EventType "swiss"]
[EventRounds "7"]
[EventCountry "WLS"]

1. e4 {[%emt 0:00:02]} c6 {[%emt 0:00:08]} 2. d4 {[%emt 0:00:14]} d5 {[%emt 0:
00:11]} 3. Nc3 {[%emt 0:00:18]} dxe4 {[%emt 0:00:15]} 4. Nxe4 {[%emt 0:00:28]}
Bf5 {[%emt 0:00:11]} 5. Ng3 {[%emt 0:00:23]} Bg6 {[%emt 0:00:20]} 6. h4 {
[%emt 0:00:49]} h6 {[%emt 0:00:25]} 7. h5 {[%emt 0:01:08]} Bh7 {[%emt 0:00:08]}
8. Nf3 {[%emt 0:00:17]} Nd7 {[%emt 0:00:27]} 9. Bd3 {[%emt 0:04:40]} Bxd3 {
[%emt 0:00:09]} 10. Qxd3 {[%emt 0:00:39]} Ngf6 {[%emt 0:00:18]} 11. Bd2 {
[%emt 0:02:46]} e6 {[%emt 0:00:41]} 12. O-O {[%emt 0:10:58]} c5 {[%emt 0:02:23]
} 13. Rfe1 {[%emt 0:06:41]} Be7 {[%emt 0:06:03]} 14. Rad1 {[%emt 0:16:15]} Qb6
{[%emt 0:05:22]} 15. b3 {[%emt 0:02:24]} Nd5 {[%emt 0:08:40]} 16. a4 {[%emt 0:
12:54]} Nb4 {[%emt 0:03:00]} 17. Bxb4 {[%emt 0:02:21]} Qxb4 {[%emt 0:04:44]}
18. d5 {[%emt 0:06:44]} c4 {[%emt 0:06:03]} 19. bxc4 {[%emt 0:04:54]} Nc5 {
[%emt 0:00:13]} 20. Qe2 {[%emt 0:01:42]} O-O {[%emt 0:02:36]} 21. dxe6 {
[%emt 0:01:41]} Nxe6 {[%emt 0:00:46]} 22. Nd4 {[%emt 0:04:32]} Nxd4 {[%emt 0:
01:38]} 23. Qxe7 {[%emt 0:01:09]} Nxc2 {[%emt 0:01:34]} 24. Qxb4 {[%emt 0:01:
05]} Nxb4 {[%emt 0:00:09]} 25. Rd7 {[%emt 0:01:47]} b6 {[%emt 0:00:59]} 1/2-1/2

[Event "2019 Tom Weston Open Major"]
[Site "Cardiff"]
[Date "2019.04.22"]
[Round "6.7"]
[White "Sipho, Donovon"]
[Black "Mcintosh, Rachel"]
[Result "1/2-1/2"]
[WhiteElo "1486"]
[BlackElo "1502"]
[PlyCount "63"]
[EventDate "2019.04.19"]
[EventType "swiss"]
[EventRounds "7"]
[EventCountry "WLS"]

1. d4 {[%emt 0:01:47]} Nf6 {[%emt 0:00:15]} 2. c4 {[%emt 0:00:08]} e5 {[%emt 0:
00:20]} 3. dxe5 {[%emt 0:01:33]} Ng4 {[%emt 0:00:23]} 4. Nf3 {[%emt 0:00:12]}
Bc5 {[%emt 0:00:46]} 5. e3 {[%emt 0:00:32]} Nc6 {[%emt 0:00:56]} 6. Be2 {
[%emt 0:03:56]} Ngxe5 {[%emt 0:02:12]} 7. O-O {[%emt 0:02:41]} d6 {[%emt 0:03:
29]} 8. Nc3 {[%emt 0:00:45]} O-O {[%emt 0:03:55]} 9. Na4 {[%emt 0:01:30]} Be6 {
[%emt 0:10:59]} 10. Nxe5 {[%emt 0:03:05]} Nxe5 {[%emt 0:00:42]} 11. Nxc5 {
[%emt 0:00:13]} dxc5 {[%emt 0:00:42]} 12. b3 {[%emt 0:00:54]} Qe7 {[%emt 0:09:
12]} 13. Bb2 {[%emt 0:00:47]} Rad8 {[%emt 0:04:31]} 14. Qc2 {[%emt 0:00:24]} f6
{[%emt 0:04:49]} 15. Rad1 {[%emt 0:03:28]} Rd7 {[%emt 0:05:40]} 16. Rxd7 {
[%emt 0:00:44]} Bxd7 {[%emt 0:03:56]} 17. Rd1 {[%emt 0:02:45]} Be6 {[%emt 0:08:
09]} 18. Qe4 {[%emt 0:02:59]} Nc6 {[%emt 0:06:30]} 19. Ba3 {[%emt 0:03:43]} f5
{[%emt 0:05:29]} 20. Qc2 {[%emt 0:01:07]} b6 {[%emt 0:02:07]} 21. Bf3 {[%emt 0:
01:33]} Ne5 {[%emt 0:02:19]} 22. Bd5 {[%emt 0:00:53]} Bxd5 {[%emt 0:01:38]} 23.
Rxd5 {[%emt 0:00:42]} c6 {[%emt 0:01:26]} 24. Rd2 {[%emt 0:01:25]} Ng6 {
[%emt 0:04:34]} 25. Qd1 {[%emt 0:02:32]} Rf7 {[%emt 0:05:36]} 26. Rd8+ {
[%emt 0:01:26]} Nf8 {[%emt 0:00:41]} 27. Qd6 {[%emt 0:01:10]} Qxd6 {[%emt 0:00:
37]} 28. Rxd6 {[%emt 0:00:15]} Rd7 {[%emt 0:00:44]} 29. Rxd7 {[%emt 0:00:06]}
Nxd7 {[%emt 0:00:13]} 30. Bb2 {[%emt 0:00:26]} b5 {[%emt 0:01:43]} 31. Kf1 {
[%emt 0:00:19]} Nb6 {[%emt 0:00:55]} 32. cxb5 {[%emt 0:00:40]} 1/2-1/2

[Event "2019 Tom Weston Open Major"]
[Site "Cardiff"]
[Date "2019.04.22"]
[Round "6.8"]
[White "Borkowski, J Andrew"]
[Black "Morgans, Justin"]
[Result "1-0"]
[WhiteElo "1796"]
[BlackElo "1660"]
[PlyCount "67"]
[EventDate "2019.04.19"]
[EventType "swiss"]
[EventRounds "7"]
[EventCountry "WLS"]

1. e4 {[%emt 0:00:04]} c6 {[%emt 0:00:12]} 2. Nc3 {[%emt 0:00:07]} d5 {[%emt 0:
00:07]} 3. Qe2 {[%emt 0:00:11]} d4 {[%emt 0:01:34]} 4. Nd1 {[%emt 0:00:05]} e5
{[%emt 0:00:21]} 5. d3 {[%emt 0:01:07]} Nf6 {[%emt 0:01:56]} 6. g3 {[%emt 0:02:
07]} Be7 {[%emt 0:03:20]} 7. f4 {[%emt 0:00:46]} Bg4 {[%emt 0:02:34]} 8. Nf3 {
[%emt 0:00:25]} Nbd7 {[%emt 0:02:18]} 9. Nf2 {[%emt 0:00:27]} Bxf3 {[%emt 0:06:
58]} 10. Qxf3 {[%emt 0:00:06]} Qb6 {[%emt 0:00:21]} 11. a3 {[%emt 0:05:38]} O-O
{[%emt 0:02:08]} 12. Bh3 {[%emt 0:02:11]} Bd6 {[%emt 0:03:26]} 13. O-O {
[%emt 0:04:22]} Qc7 {[%emt 0:04:15]} 14. Bd2 {[%emt 0:02:15]} Rad8 {[%emt 0:04:
15]} 15. Bxd7 {[%emt 0:05:53]} Rxd7 {[%emt 0:05:09]} 16. f5 {[%emt 0:00:21]} h6
{[%emt 0:02:18]} 17. g4 {[%emt 0:06:18]} Be7 {[%emt 0:00:35]} 18. g5 {[%emt 0:
01:47]} Nh7 {[%emt 0:00:50]} 19. gxh6 {[%emt 0:01:19]} g5 {[%emt 0:05:24]} 20.
fxg6 {[%emt 0:02:56]} fxg6 {[%emt 0:00:18]} 21. Qg3 {[%emt 0:01:39]} Rf6 {
[%emt 0:03:53]} 22. Ng4 {[%emt 0:01:11]} Re6 {[%emt 0:00:13]} 23. Rf3 {[%emt 0:
06:33]} Bd8 {[%emt 0:07:47]} 24. Raf1 {[%emt 0:01:43]} Qd6 {[%emt 0:01:00]} 25.
Kg2 {[%emt 0:04:46]} c5 {[%emt 0:05:27]} 26. h4 {[%emt 0:04:12]} Kh8 {[%emt 0:
03:41]} 27. Rf7 {[%emt 0:09:06]} Rxf7 {[%emt 0:02:37]} 28. Rxf7 {[%emt 0:00:05]
} Re7 {[%emt 0:00:23]} 29. Rxe7 {[%emt 0:01:09]} Qxe7 {[%emt 0:02:05]} 30.
Qxe5+ {[%emt 0:00:23]} Qxe5 {[%emt 0:01:13]} 31. Nxe5 {[%emt 0:00:06]} Kg8 {
[%emt 0:00:27]} 32. Nxg6 {[%emt 0:01:45]} Kf7 {[%emt 0:00:56]} 33. Ne5+ {
[%emt 0:01:47]} Ke6 {[%emt 0:00:26]} 34. Nf3 {[%emt 0:06:30]} 1-0

[Event "2019 Tom Weston Open Major"]
[Site "Cardiff"]
[Date "2019.04.22"]
[Round "6.9"]
[White "Fox, Chris"]
[Black "Fraser, Susanna"]
[Result "0-1"]
[WhiteElo "1685"]
[BlackElo "1649"]
[PlyCount "78"]
[EventDate "2019.04.19"]
[EventType "swiss"]
[EventRounds "7"]
[EventCountry "WLS"]

1. d4 {[%emt 0:00:02]} d5 {[%emt 0:00:06]} 2. Nf3 {[%emt 0:00:05]} Nf6 {
[%emt 0:00:13]} 3. Bf4 {[%emt 0:00:08]} e6 {[%emt 0:01:23]} 4. e3 {[%emt 0:00:
09]} Be7 {[%emt 0:00:07]} 5. Bd3 {[%emt 0:00:22]} O-O {[%emt 0:00:20]} 6. h3 {
[%emt 0:00:15]} Nbd7 {[%emt 0:00:38]} 7. O-O {[%emt 0:00:21]} c5 {[%emt 0:00:
25]} 8. c3 {[%emt 0:00:21]} c4 {[%emt 0:06:55]} 9. Bc2 {[%emt 0:00:06]} b5 {
[%emt 0:00:08]} 10. Nbd2 {[%emt 0:00:49]} Bb7 {[%emt 0:01:38]} 11. Re1 {
[%emt 0:00:58]} Qb6 {[%emt 0:01:21]} 12. e4 {[%emt 0:00:48]} dxe4 {[%emt 0:04:
12]} 13. Nxe4 {[%emt 0:00:11]} Nxe4 {[%emt 0:00:06]} 14. Bxe4 {[%emt 0:00:09]}
Bxe4 {[%emt 0:00:06]} 15. Rxe4 {[%emt 0:00:08]} Bd6 {[%emt 0:04:47]} 16. Ne5 {
[%emt 0:00:59]} Nf6 {[%emt 0:09:14]} 17. Re2 {[%emt 0:00:38]} Qc7 {[%emt 0:03:
15]} 18. Bh2 {[%emt 0:03:09]} Nd5 {[%emt 0:05:17]} 19. Qd2 {[%emt 0:08:33]} a6
20. Rf1 {[%emt 0:00:18]} Rad8 {[%emt 0:05:47]} 21. Nf3 {[%emt 0:02:15]} Bxh2+ {
[%emt 0:00:53]} 22. Nxh2 {[%emt 0:00:10]} Qf4 {[%emt 0:14:49]} 23. Qxf4 {
[%emt 0:00:20]} Nxf4 {[%emt 0:00:06]} 24. Re3 {[%emt 0:01:44]} Nd5 {[%emt 0:00:
42]} 25. Re5 {[%emt 0:02:03]} h6 {[%emt 0:08:08]} 26. a3 {[%emt 0:02:56]} Nb6 {
[%emt 0:03:17]} 27. f4 {[%emt 0:03:00]} Rd5 {[%emt 0:02:37]} 28. Ng4 Rxe5 {
[%emt 0:02:47]} 29. fxe5 Na4 {[%emt 0:01:35]} 30. Rf2 {[%emt 0:00:11]} Kh7 {
[%emt 0:05:06]} 31. Kf1 {[%emt 0:00:47]} h5 {[%emt 0:08:49]} 32. Ne3 {[%emt 0:
00:34]} Kg6 {[%emt 0:02:00]} 33. Nd1 {[%emt 0:00:31]} Rb8 {[%emt 0:02:57]} 34.
Ke2 {[%emt 0:01:35]} a5 {[%emt 0:05:04]} 35. Ke3 {[%emt 0:00:21]} b4 {[%emt 0:
00:13]} 36. axb4 {[%emt 0:00:21]} axb4 {[%emt 0:00:05]} 37. Ke4 {[%emt 0:01:04]
} bxc3 {[%emt 0:00:31]} 38. bxc3 {[%emt 0:00:10]} Rb1 {[%emt 0:00:16]} 39. Rd2
{[%emt 0:02:09]} Rxd1 {[%emt 0:03:12]} 0-1

[Event "2019 Tom Weston Open Major"]
[Site "Cardiff"]
[Date "2019.04.22"]
[Round "6.10"]
[White "Lewis, David"]
[Black "Parri, Deio"]
[Result "1/2-1/2"]
[WhiteElo "1558"]
[BlackElo "1652"]
[PlyCount "36"]
[EventDate "2019.04.19"]
[EventType "swiss"]
[EventRounds "7"]
[EventCountry "WLS"]

1. e4 {[%emt 0:03:32]} e6 {[%emt 0:00:07]} 2. d4 {[%emt 0:00:28]} d5 {[%emt 0:
00:06]} 3. e5 {[%emt 0:01:30]} c5 {[%emt 0:00:07]} 4. Nf3 {[%emt 0:02:22]} Nc6
{[%emt 0:00:17]} 5. c3 {[%emt 0:01:50]} Qb6 {[%emt 0:01:52]} 6. Na3 {[%emt 0:
09:54]} Bd7 {[%emt 0:01:16]} 7. Nc2 {[%emt 0:00:50]} cxd4 {[%emt 0:04:26]} 8.
cxd4 {[%emt 0:01:00]} Nge7 {[%emt 0:11:34]} 9. Be2 {[%emt 0:12:55]} Ng6 {
[%emt 0:07:41]} 10. h4 {[%emt 0:06:00]} Bb4+ {[%emt 0:19:52]} 11. Kf1 {[%emt 0:
14:27]} Be7 {[%emt 0:07:56]} 12. g3 {[%emt 0:09:51]} O-O-O {[%emt 0:09:06]} 13.
Ne3 {[%emt 0:09:12]} Kb8 {[%emt 0:00:58]} 14. Rb1 {[%emt 0:05:50]} f6 {[%emt 0:
01:52]} 15. h5 {[%emt 0:00:54]} Nf8 {[%emt 0:00:12]} 16. Ng4 {[%emt 0:06:17]}
f5 {[%emt 0:03:11]} 17. Ne3 {[%emt 0:00:21]} g6 {[%emt 0:00:15]} 18. h6 {
[%emt 0:00:52]} Rg8 1/2-1/2

[Event "2019 Tom Weston Open Major"]
[Site "Cardiff"]
[Date "2019.04.22"]
[Round "6.11"]
[White "Williams, Stephen"]
[Black "Robinson, David"]
[Result "1-0"]
[WhiteElo "1644"]
[BlackElo "1905"]
[PlyCount "55"]
[EventDate "2019.04.19"]
[EventType "swiss"]
[EventRounds "7"]
[EventCountry "WLS"]

1. d4 {[%emt 0:00:04]} Nf6 {[%emt 0:00:10]} 2. c4 {[%emt 0:00:09]} c5 {[%emt 0:
00:06]} 3. d5 {[%emt 0:00:09]} b5 {[%emt 0:00:10]} 4. cxb5 {[%emt 0:00:10]} a6
{[%emt 0:00:15]} 5. bxa6 {[%emt 0:00:09]} Bxa6 {[%emt 0:00:17]} 6. Nc3 {
[%emt 0:00:21]} g6 {[%emt 0:00:18]} 7. Nf3 {[%emt 0:00:19]} Bg7 {[%emt 0:00:13]
} 8. e4 {[%emt 0:00:11]} Bxf1 {[%emt 0:00:20]} 9. Kxf1 {[%emt 0:00:10]} d6 {
[%emt 0:00:14]} 10. g3 {[%emt 0:00:09]} O-O {[%emt 0:00:34]} 11. Kg2 Qa5 {
[%emt 0:00:42]} 12. Qe2 Nbd7 {[%emt 0:02:45]} 13. Bd2 Rfb8 {[%emt 0:01:19]} 14.
Rhb1 {[%emt 0:06:31]} e6 {[%emt 0:09:50]} 15. dxe6 fxe6 16. h3 {[%emt 0:02:49]}
Qa6 {[%emt 0:04:30]} 17. Qxa6 {[%emt 0:00:03]} Rxa6 {[%emt 0:05:06]} 18. Bf4 {
[%emt 0:04:15]} Rb4 19. a3 {[%emt 0:04:57]} Rc4 20. Nd2 {[%emt 0:02:54]} Rd4 {
[%emt 0:01:48]} 21. Nb5 {[%emt 0:01:50]} Rd3 22. Nc7 {[%emt 0:02:29]} Ra4 23.
Nxe6 {[%emt 0:01:00]} Nxe4 {[%emt 0:00:56]} 24. Nxe4 {[%emt 0:01:49]} Bxb2 25.
N4xc5 {[%emt 0:05:44]} dxc5 26. Rxb2 {[%emt 0:00:57]} Rdxa3 {[%emt 0:00:44]}
27. Rxa3 {[%emt 0:00:05]} Rxa3 28. Rc2 1-0

[Event "2019 Tom Weston Open Major"]
[Site "Cardiff"]
[Date "2019.04.22"]
[Round "6.12"]
[White "Evans, Thomas"]
[Black "Harding, Gareth"]
[Result "0-1"]
[WhiteElo "1650"]
[BlackElo "1557"]
[PlyCount "59"]
[EventDate "2019.04.19"]
[EventType "swiss"]
[EventRounds "7"]
[EventCountry "WLS"]
[WhiteClock "0:25:54"]
[BlackClock "0:17:17"]

1. e4 {[%emt 0:00:01]} e6 {[%emt 0:01:12]} 2. d4 {[%emt 0:00:05]} d5 {[%emt 0:
00:04]} 3. exd5 {[%emt 0:00:04]} exd5 {[%emt 0:00:06]} 4. Be3 {[%emt 0:00:04]}
Nf6 {[%emt 0:00:19]} 5. Nc3 {[%emt 0:00:08]} c6 {[%emt 0:00:18]} 6. Bd3 {
[%emt 0:00:11]} Bd6 {[%emt 0:01:20]} 7. Qd2 {[%emt 0:00:30]} Nbd7 {[%emt 0:02:
39]} 8. O-O-O {[%emt 0:00:30]} b5 {[%emt 0:06:01]} 9. Kb1 {[%emt 0:03:23]} Nb6
{[%emt 0:00:40]} 10. f3 {[%emt 0:08:53]} Nc4 {[%emt 0:02:46]} 11. Bxc4 {
[%emt 0:09:42]} bxc4 {[%emt 0:00:49]} 12. Bf4 {[%emt 0:00:44]} a5 {[%emt 0:17:
33]} 13. Bxd6 {[%emt 0:02:25]} Qxd6 {[%emt 0:02:22]} 14. Nge2 {[%emt 0:00:18]}
a4 {[%emt 0:07:55]} 15. g4 {[%emt 0:11:12]} Be6 {[%emt 0:16:12]} 16. Nf4 {
[%emt 0:06:11]} O-O {[%emt 0:15:27]} 17. h4 {[%emt 0:13:49]} Rfb8 {[%emt 0:00:
12]} 18. Nce2 {[%emt 0:04:09]} Rb7 {[%emt 0:01:13]} 19. Nc1 {[%emt 0:01:39]}
Rab8 {[%emt 0:02:19]} 20. b3 {[%emt 0:00:11]} axb3 {[%emt 0:00:13]} 21. cxb3 {
[%emt 0:00:10]} cxb3 {[%emt 0:01:21]} 22. Nxb3 {[%emt 0:00:01]} Qb4 {[%emt 0:
02:19]} 23. Qxb4 {[%emt 0:01:04]} Rxb4 {[%emt 0:00:07]} 24. Nxe6 {[%emt 0:00:
07]} fxe6 {[%emt 0:00:09]} 25. Kc2 {[%emt 0:02:51]} Nd7 {[%emt 0:00:47]} 26.
Kc3 {[%emt 0:04:04]} Kf7 {[%emt 0:01:23]} 27. f4 {[%emt 0:02:03]} Ra4 {[%emt 0:
00:31]} 28. Kb2 {[%emt 0:03:56]} c5 {[%emt 0:01:04]} 29. dxc5 {[%emt 0:00:39]}
Nxc5 {[%emt 0:00:19]} 30. Rc1 {[%emt 0:01:47]} 0-1

[Event "2019 Tom Weston Open Major"]
[Site "Cardiff"]
[Date "2019.04.22"]
[Round "6.14"]
[White "Watkins, Peter"]
[Black "Hurn, Robert Aj"]
[Result "1/2-1/2"]
[WhiteElo "1570"]
[BlackElo "1623"]
[PlyCount "57"]
[EventDate "2019.04.19"]
[EventType "swiss"]
[EventRounds "7"]
[EventCountry "WLS"]

1. Nf3 Nf6 2. g3 g6 3. Bg2 Bg7 4. O-O O-O 5. d3 d6 6. Nbd2 Nc6 7. e4 e5 8. c3
Nh5 9. Re1 Kh8 10. Nf1 f5 11. Bg5 Bf6 12. Bxf6+ Qxf6 13. exf5 Bxf5 14. Ne3 Be6
15. Qd2 Rf7 16. h3 Ne7 17. Ng4 Qg7 18. Ng5 Bd5 19. Nxf7+ Qxf7 20. Bxd5 Qxd5 21.
Qe2 Rf8 22. Qe4 Qb5 23. Qe2 Nf5 24. d4 Qb6 25. Nxe5 dxe5 26. Qxe5+ Nhg7 27. Qc5
Qf6 28. Qe5 Qb6 29. Qc5 1/2-1/2

[Event "2019 Tom Weston Open Major"]
[Site "Cardiff"]
[Date "2019.04.22"]
[Round "6.15"]
[White "Probert, Malcolm"]
[Black "White, Sam"]
[Result "1-0"]
[WhiteElo "1585"]
[BlackElo "1498"]
[PlyCount "61"]
[EventDate "2019.04.19"]
[EventType "swiss"]
[EventRounds "7"]
[EventCountry "WLS"]

1. Nf3 d5 2. g3 Nf6 3. Bg2 Nc6 4. d4 e6 5. O-O Be7 6. c4 O-O 7. cxd5 exd5 8.
Nc3 Bf5 9. a3 a6 10. Ne5 Na7 11. Qb3 c6 12. Qxb7 Qc8 13. Qxe7 Be6 14. Qb4 Rb8
15. Qa4 Nb5 16. Qc2 Nxd4 17. Qd1 Nb3 18. Rb1 Rd8 19. Bf4 Rb7 20. Nd3 Ne4 21.
Nxe4 dxe4 22. Bxe4 Nd4 23. b4 Bg4 24. Rb2 f5 25. Bg2 Ne6 26. Qb3 Kh8 27. Be3
Bh5 28. Ne5 Nd4 29. Bxd4 Rxd4 30. Nxc6 Bf7 31. Qe3 1-0

[Event "2019 Tom Weston Open Major"]
[Site "Cardiff"]
[Date "2019.04.22"]
[Round "7.1"]
[White "Van Veelen, Thomas"]
[Black "Summers, Charles"]
[Result "1-0"]
[WhiteElo "2056"]
[BlackElo "1859"]
[PlyCount "75"]
[EventDate "2019.04.19"]
[EventType "swiss"]
[EventRounds "7"]
[EventCountry "WLS"]

1. d4 {[%emt 0:00:01]} Nf6 {[%emt 0:00:23]} 2. c4 {[%emt 0:00:04]} e5 {[%emt 0:
00:23]} 3. dxe5 {[%emt 0:00:07]} Ng4 4. Bf4 {[%emt 0:00:10]} g5 {[%emt 0:00:27]
} 5. Bg3 {[%emt 0:00:09]} Nc6 {[%emt 0:00:45]} 6. Nf3 {[%emt 0:00:08]} Bg7 {
[%emt 0:00:14]} 7. Nc3 {[%emt 0:00:41]} Ngxe5 {[%emt 0:00:32]} 8. Nxe5 {
[%emt 0:00:13]} Nxe5 {[%emt 0:00:35]} 9. h4 {[%emt 0:00:52]} d6 {[%emt 0:18:10]
} 10. e4 {[%emt 0:02:48]} Be6 {[%emt 0:03:08]} 11. Qc2 {[%emt 0:05:36]} c6 {
[%emt 0:21:33]} 12. O-O-O {[%emt 0:03:17]} Qe7 {[%emt 0:05:28]} 13. Kb1 {
[%emt 0:01:56]} f6 {[%emt 0:05:05]} 14. Be2 {[%emt 0:05:00]} O-O-O {[%emt 0:01:
56]} 15. Qa4 {[%emt 0:33:28]} Kb8 {[%emt 0:02:43]} 16. f3 {[%emt 0:00:29]} Qc7
{[%emt 0:08:35]} 17. Bf2 {[%emt 0:01:01]} b6 {[%emt 0:00:50]} 18. Rd2 {[%emt 0:
03:17]} h6 {[%emt 0:04:56]} 19. Rc1 {[%emt 0:00:58]} Rhe8 {[%emt 0:01:58]} 20.
Nd5 {[%emt 0:06:44]} Qb7 {[%emt 0:03:57]} 21. Nb4 {[%emt 0:00:28]} a5 {[%emt 0:
01:53]} 22. Nc2 {[%emt 0:01:32]} c5 {[%emt 0:01:28]} 23. Ne3 {[%emt 0:00:27]}
Bd7 {[%emt 0:00:45]} 24. Qd1 {[%emt 0:04:03]} Nc6 {[%emt 0:04:52]} 25. Rxd6 {
[%emt 0:01:46]} Nd4 {[%emt 0:00:41]} 26. Nd5 {[%emt 0:01:12]} Bc6 {[%emt 0:01:
19]} 27. Rxd8+ {[%emt 0:01:18]} Rxd8 {[%emt 0:00:17]} 28. Bxd4 {[%emt 0:02:05]}
cxd4 {[%emt 0:00:23]} 29. Qxd4 {[%emt 0:00:20]} Ka7 {[%emt 0:00:34]} 30. Qe3 {
[%emt 0:02:19]} Re8 {[%emt 0:01:34]} 31. Qd2 {[%emt 0:09:10]} Qd7 {[%emt 0:03:
50]} 32. c5 {[%emt 0:01:21]} Bxd5 {[%emt 0:00:47]} 33. cxb6+ {[%emt 0:00:49]}
Kxb6 {[%emt 0:04:19]} 34. exd5 {[%emt 0:00:05]} Qf5+ {[%emt 0:01:25]} 35. Ka1 {
[%emt 0:00:11]} Rc8 {[%emt 0:00:30]} 36. Qe3+ {[%emt 0:02:00]} Kb7 {[%emt 0:01:
17]} 37. Qe7+ {[%emt 0:00:53]} Kb8 {[%emt 0:00:22]} 38. Rc6 {[%emt 0:02:58]}
1-0

[Event "2019 Tom Weston Open Major"]
[Site "Cardiff"]
[Date "2019.04.22"]
[Round "7.2"]
[White "Timmins, Chris P"]
[Black "Buttell, David"]
[Result "1-0"]
[WhiteElo "1888"]
[BlackElo "1809"]
[PlyCount "113"]
[EventDate "2019.04.19"]
[EventType "swiss"]
[EventRounds "7"]
[EventCountry "WLS"]
[WhiteClock "0:21:41"]
[BlackClock "0:23:42"]

1. e4 {[%emt 0:00:04]} c5 {[%emt 0:00:18]} 2. Nf3 {[%emt 0:00:39]} d6 {[%emt 0:
00:07]} 3. d4 {[%emt 0:00:51]} cxd4 {[%emt 0:00:18]} 4. Nxd4 {[%emt 0:00:05]}
Nf6 {[%emt 0:00:10]} 5. Nc3 {[%emt 0:00:06]} g6 {[%emt 0:00:07]} 6. Be2 {
[%emt 0:01:16]} Bg7 {[%emt 0:00:12]} 7. Bg5 {[%emt 0:00:21]} Nc6 {[%emt 0:02:
26]} 8. Nb3 {[%emt 0:00:16]} O-O {[%emt 0:01:09]} 9. O-O {[%emt 0:00:13]} Be6 {
[%emt 0:02:43]} 10. Re1 {[%emt 0:01:12]} Rc8 {[%emt 0:01:20]} 11. Bf1 {[%emt 0:
02:50]} a6 {[%emt 0:08:06]} 12. Nd5 {[%emt 0:01:39]} Bxd5 {[%emt 0:09:30]} 13.
exd5 {[%emt 0:00:27]} Ne5 {[%emt 0:01:28]} 14. c3 {[%emt 0:05:13]} Re8 {
[%emt 0:07:44]} 15. h3 {[%emt 0:03:18]} Nc4 {[%emt 0:05:39]} 16. Bxc4 {[%emt 0:
01:29]} Rxc4 {[%emt 0:00:11]} 17. Qd3 {[%emt 0:03:13]} b5 {[%emt 0:04:03]} 18.
Re2 {[%emt 0:05:17]} Nd7 {[%emt 0:05:12]} 19. Rae1 {[%emt 0:02:03]} f6 {
[%emt 0:06:06]} 20. Bc1 {[%emt 0:10:34]} Nc5 {[%emt 0:01:53]} 21. Qe3 {[%emt 0:
04:09]} Re4 {[%emt 0:01:25]} 22. Qf3 {[%emt 0:01:16]} Rxe2 {[%emt 0:01:30]} 23.
Qxe2 {[%emt 0:00:27]} Nxb3 {[%emt 0:00:49]} 24. Qe6+ {[%emt 0:00:20]} Kf8 {
[%emt 0:00:20]} 25. axb3 {[%emt 0:00:34]} Qc8 {[%emt 0:02:08]} 26. Qe2 {
[%emt 0:03:09]} Qd7 {[%emt 0:05:37]} 27. Bf4 {[%emt 0:01:06]} Ra8 {[%emt 0:08:
22]} 28. Ra1 {[%emt 0:03:35]} f5 {[%emt 0:07:42]} 29. b4 {[%emt 0:01:14]} Bf6 {
[%emt 0:02:49]} 30. Qd3 {[%emt 0:03:39]} Qc8 {[%emt 0:03:31]} 31. Kf1 {[%emt 0:
02:15]} Kf7 {[%emt 0:01:59]} 32. Ke2 {[%emt 0:00:27]} Kf8 {[%emt 0:03:01]} 33.
Kd2 {[%emt 0:01:04]} Qb7 {[%emt 0:01:01]} 34. Be3 {[%emt 0:07:27]} Kf7 {
[%emt 0:02:14]} 35. f3 {[%emt 0:04:13]} Qc8 {[%emt 0:01:16]} 36. Kc2 {[%emt 0:
04:15]} Qb7 {[%emt 0:00:22]} 37. g4 {[%emt 0:00:55]} Qd7 {[%emt 0:01:14]} 38.
b3 {[%emt 0:03:46]} Qb7 {[%emt 0:01:08]} 39. gxf5 {[%emt 0:00:53]} Rc8 {
[%emt 0:01:13]} 40. fxg6+ {[%emt 0:03:16]} hxg6 {[%emt 0:00:07]} 41. Bd2 {
[%emt 0:00:28]} Qd7 {[%emt 0:02:16]} 42. Rg1 {[%emt 0:10:42]} Qf5 {[%emt 0:00:
29]} 43. Qxf5 {[%emt 0:54:36]} gxf5 44. Ra1 Rh8 45. Rxa6 Rxh3 46. c4 bxc4 47.
bxc4 Rxf3 48. c5 dxc5 49. bxc5 Rg3 50. Re6 Rg8 51. c6 Rc8 52. Kd3 Bb2 53. Bf4
Ba3 54. Kc4 Bd6 55. Bxd6 exd6 56. Rxd6 f4 57. Kd4 1-0

[Event "2019 Tom Weston Open Major"]
[Site "Cardiff"]
[Date "2019.04.22"]
[Round "7.3"]
[White "Roberts, David L"]
[Black "Phillips, William"]
[Result "1-0"]
[WhiteElo "1999"]
[BlackElo "1843"]
[PlyCount "69"]
[EventDate "2019.04.19"]
[EventType "swiss"]
[EventRounds "7"]
[EventCountry "WLS"]

1. e4 {[%emt 0:00:02]} d6 {[%emt 0:00:49]} 2. d4 {[%emt 0:00:24]} g6 {[%emt 0:
00:20]} 3. Nc3 {[%emt 0:01:09]} Bg7 {[%emt 0:00:07]} 4. f4 {[%emt 0:00:58]} c6
{[%emt 0:02:15]} 5. Nf3 {[%emt 0:01:39]} Bg4 {[%emt 0:03:21]} 6. Be2 {[%emt 0:
01:35]} Nd7 {[%emt 0:07:27]} 7. e5 {[%emt 0:05:03]} d5 {[%emt 0:06:51]} 8. h3 {
[%emt 0:10:58]} Bxf3 {[%emt 0:02:40]} 9. Bxf3 {[%emt 0:00:11]} e6 {[%emt 0:00:
45]} 10. g3 {[%emt 0:03:19]} h5 {[%emt 0:14:12]} 11. Be3 {[%emt 0:02:21]} Qe7 {
[%emt 0:02:01]} 12. Qd3 {[%emt 0:03:40]} Qb4 {[%emt 0:11:08]} 13. O-O-O {
[%emt 0:04:49]} Ne7 {[%emt 0:06:43]} 14. g4 {[%emt 0:02:13]} Qc4 {[%emt 0:01:
26]} 15. Qxc4 {[%emt 0:04:25]} dxc4 {[%emt 0:00:22]} 16. Ne4 {[%emt 0:01:49]}
Nd5 {[%emt 0:06:32]} 17. Nd6+ {[%emt 0:01:21]} Ke7 {[%emt 0:00:51]} 18. Nxc4 {
[%emt 0:00:41]} Nxe3 {[%emt 0:03:17]} 19. Nxe3 {[%emt 0:00:05]} hxg4 {[%emt 0:
01:04]} 20. hxg4 {[%emt 0:00:36]} Rxh1 {[%emt 0:00:08]} 21. Rxh1 {[%emt 0:00:
16]} Rh8 {[%emt 0:00:23]} 22. Rxh8 {[%emt 0:00:49]} Bxh8 {[%emt 0:00:02]} 23.
Kd2 {[%emt 0:01:52]} Nb6 {[%emt 0:02:02]} 24. c4 {[%emt 0:01:30]} Bg7 {[%emt 0:
01:20]} 25. Kd3 {[%emt 0:02:06]} Bf8 {[%emt 0:01:47]} 26. b3 {[%emt 0:01:43]}
Kd7 {[%emt 0:00:32]} 27. Nf1 {[%emt 0:09:49]} Bb4 {[%emt 0:08:39]} 28. Ng3 {
[%emt 0:00:37]} Nc8 {[%emt 0:02:55]} 29. Ne4 {[%emt 0:03:25]} a5 {[%emt 0:03:
25]} 30. Nf6+ {[%emt 0:03:05]} Kc7 {[%emt 0:02:21]} 31. d5 {[%emt 0:00:52]}
cxd5 {[%emt 0:03:17]} 32. cxd5 {[%emt 0:00:14]} b5 {[%emt 0:00:21]} 33. d6+ {
[%emt 0:01:32]} Kd8 {[%emt 0:00:07]} 34. Bc6 {[%emt 0:00:36]} Na7 {[%emt 0:00:
25]} 35. Be8 {[%emt 0:02:19]} 1-0